Statistics for Youngest Current Day Flags

Click here to take the quiz!

General Stats

  • This quiz has been taken 20 times
    (18 since last reset)
  • The average score is 4 of 10

Answer Stats

AdoptedCountry% Correct
2021Afghanistan
82%
2011South Sudan
71%
2008Kosovo
47%
2006Lesotho
47%
2011Libya
41%
2010Myanmar
41%
2008Iraq
35%
2017Mauritania
24%
2006Venezuela
24%
2012Malawi
18%

Score Distribution

Percentile by Number Answered

Percent of People with Each Score

Your Score History

You have not taken this quiz since the last reset